|
|
|
|
| LEADER |
00000cam a2200000 a 4500 |
| 001 |
vtls008329419 |
| 003 |
SK-MaSNL |
| 005 |
20260302085433.0 |
| 008 |
240315s1971 xo da e 000 0 slo |
| 015 |
|
|
|a SNBA1971/09-02185
|
| 035 |
|
|
|a SK01SNK19710021636
|
| 035 |
|
|
|a SKM000024099
|
| 040 |
|
|
|a SNK
|b slo
|c SNK
|e AACR2
|
| 041 |
0 |
|
|a slo
|
| 044 |
|
|
|a xo
|c SK
|
| 080 |
|
|
|a 636.1/.5(075.8)(076.5)
|2 1981
|
| 100 |
1 |
|
|a Sidor, Viktor,
|d 1926-2007
|4 aut
|9 180206
|
| 245 |
1 |
0 |
|a Návody na praktické cvičenia zo živočíšnej výroby 2
|b (s pracovným zošitom) pre poslucháčov Mechanizačnej fakulty
|c [nap.] kol. autorov pod ved. Viktora Sidora
|
| 250 |
|
|
|a 1. vyd.
|
| 260 |
|
|
|a Bratislava
|b Príroda
|a Nitra
|b Vysoká škola poľnohospodárska
|c 1971
|
| 300 |
|
|
|a 137, [1] s., 45 s. príl.
|b grafy, ilustr., sch., tab.
|c 4°
|
| 366 |
|
|
|e 300 výt.
|
| 650 |
0 |
7 |
|a živočíšna výroba
|2 SNKPH
|9 2836
|
| 655 |
|
7 |
|a učebnice vysokých škôl
|2 SNKPH
|9 70191
|
| 655 |
|
7 |
|a praktické cvičenia
|2 SNKPH
|9 70517
|
| 958 |
|
|
|a OND
|
| 958 |
|
|
|a RM
|
| 958 |
|
|
|a RK
|
| 958 |
|
|
|a UV
|
| 999 |
|
|
|c 1192160
|d 1194090
|
| 952 |
|
|
|a SNK
|b SNK
|y PREZ
|7 0
|p 17A0890799
|o snkSB 17404/a
|i snkKSP 6554/71
|0 0
|1 0
|4 0
|d 2015-02-11
|l 0
|r 2025-03-18 00:00:00
|w 2026-02-24
|
| 952 |
|
|
|a SNK
|b SNK
|y VYP
|7 0
|o snkSB 17404/a D1
|i snkKSP 6555/71
|0 0
|1 0
|4 0
|d 2015-02-11
|l 0
|r 2026-02-24 22:15:27
|w 2026-02-24
|
| 952 |
|
|
|a SNK
|b SNK
|y PREZ
|7 0
|p 17A0890800
|o snkSB 17404/b
|i snkKSP 6558/71
|0 0
|1 0
|4 0
|d 2015-02-11
|l 0
|r 2025-03-18 00:00:00
|w 2026-02-24
|
| 952 |
|
|
|a SNK
|b SNK
|y VYP
|7 0
|o snkSB 17404/b D1
|i snkKSP 6559/71
|0 0
|1 0
|4 0
|d 2015-02-11
|l 0
|r 2026-02-24 22:15:27
|w 2026-02-24
|